ბათუმის შოთა რუსთაველის სახელმწიფო უნივერსიტეტის ბიბლიოთეკა

Методика воспитательной работы в школе. (ბიბ.ჩანაწერი № 38672)

000 -LEADER
fixed length control field 00684nam a2200217Ia 4500
001 - CONTROL NUMBER
control field 4910
003 - CONTROL NUMBER IDENTIFIER
control field GE_BSU
008 - FIXED-LENGTH DATA ELEMENTS--GENERAL INFORMATION
fixed length control field 181216s||||||||xx |||||||||||||| ||und||
040 ## - CATALOGING SOURCE
Transcribing agency GE_BSU
080 ## - UNIVERSAL DECIMAL CLASSIFICATION NUMBER
Universal Decimal Classification number 371.4(075.8)
100 ## - MAIN ENTRY--PERSONAL NAME
Personal name Болдырев, Н.И.
245 ## - TITLE STATEMENT
Title Методика воспитательной работы в школе.
245 ## - TITLE STATEMENT
Remainder of title Учеб. пособие для сеуд. педагог. ин-тов
250 ## - EDITION STATEMENT
Edition statement 2-е испр. доп.
260 ## - PUBLICATION, DISTRIBUTION, ETC.
Place of publication, distribution, etc. Москва
260 ## - PUBLICATION, DISTRIBUTION, ETC.
Name of publisher, distributor, etc. Просвещение
260 ## - PUBLICATION, DISTRIBUTION, ETC.
Date of publication, distribution, etc. 1981.
300 ## - PHYSICAL DESCRIPTION
Extent 220 с.20 см.
653 ## - INDEX TERM--UNCONTROLLED
Uncontrolled term Методика воспитательной работы в школе
942 ## - ADDED ENTRY ELEMENTS (KOHA)
Koha item type წიგნი
ეგზემპლარები
Withdrawn status Lost status Damaged status Not for loan Date acquired Barcode Date last seen Price effective from Koha item type Public note
        2018-12-17 16085 2018-12-17 2018-12-17 წიგნი დარდფზი